| Tag |
First Indicator |
Second Indicator |
Subfields |
| LEADER |
00000cam a2200000Ia 4500 |
| 001 |
in00002014321 |
| 005 |
20211202202843.0 |
| 007 |
he bmb024bbca |
| 008 |
041216s2004 vaua bb f000 0 eng d |
| 035 |
|
|
|a (OCoLC)ocm57244594
|
| 040 |
|
|
|a GPO
|c GPO
|d MvI
|d UtOrBLW
|
| 049 |
|
|
|a UMIC
|
| 049 |
|
|
|a WWW
|
| 074 |
|
|
|a 0982-G-11 (MF)
|
| 074 |
|
|
|a 0982-G-11 (online)
|
| 086 |
0 |
|
|a TD 2.30:99-156
|
| 088 |
|
|
|a HRDI-07/08-04(500)E
|
| 100 |
1 |
|
|a Sturm, Terry W.
|
| 245 |
1 |
0 |
|a Enhanced abutment scour studies for compound channels /
|c [Terry W. Sturm].
|
| 264 |
|
1 |
|a McLean, Va. (6300 Georgetown Pike, McLean 22101-2296) :
|b U.S. Dept. of Transportation, Federal Highway Administration, Research, Development and Technology, Turner-Fairbank Highway Research Center ;
|a [Springfield, Va.] :
|b [Available through the National Technical Information Service],
|c [2004]
|
| 300 |
|
|
|a xii, 130 pages :
|b illustrations ;
|c 28 cm.
|
| 336 |
|
|
|a text
|b txt
|2 rdacontent
|
| 337 |
|
|
|a microform
|b h
|2 rdamedia
|
| 338 |
|
|
|a microfiche
|b he
|2 rdacarrier
|
| 500 |
|
|
|a Shipping List Date: 12/20/2004
|
| 513 |
|
|
|a Final report;
|b 1994-1999.
|
| 536 |
|
|
|a Performed by Georgia Institute of Technology School of Civil and Environmental Engineering, and sponsored by Federal Highway Administration, Office of Infrastructure Research and Development under contract no.
|b DTFH61-94-C-00198
|
| 500 |
|
|
|a Cover title.
|
| 500 |
|
|
|a "August 2004."
|
| 500 |
|
|
|a Shipping list number: 2005-0060-M.
|
| 504 |
|
|
|a Includes bibliographical references (pages 123-130).
|
| 500 |
|
|
|a "Publication number FHWA-RD-99-156."
|
| 500 |
|
|
|a "HRDI-07/08-04(500)E"--P. [4] of cover.
|
| 530 |
|
|
|a Also available via Internet from the TFHRC web site. Address as of 04/26/05: http://www.fhwa.dot.gov/engineering/hydraulics/pubs/99156/99156.pdf; current access is available via PURL.
|
| 533 |
|
|
|a Microfiche.
|b [Washington, D.C.] :
|c Supt. of Docs., U.S. G.P.O.,
|d 2004
|e 2 microfiches : negative.
|
| 500 |
|
|
|a Microform.
|
| 650 |
|
0 |
|a Scour at bridges
|x Mathematical models.
|
| 650 |
|
0 |
|a Bridges
|x Abutments
|x Mathematical models.
|
| 650 |
|
0 |
|a Channels (Hydraulic engineering)
|x Mathematical models.
|
| 710 |
2 |
|
|a Georgia Institute of Technology.
|b School of Civil and Environmental Engineering.
|
| 710 |
1 |
|
|a United States.
|b Federal Highway Administration.
|b Office of Infrastructure Research and Development.
|
| 710 |
2 |
|
|a Turner-Fairbank Highway Research Center.
|
| 856 |
4 |
1 |
|u https://purl.fdlp.gov/GPO/LPS56451
|t 0
|
| 999 |
|
|
|a MARS
|
| 999 |
f |
f |
|s 86016718-c621-3982-884d-fd3499903b50
|i 93039151-561f-3e91-a18b-c77a93642dd4
|t 0
|
| 952 |
f |
f |
|p normal
|a Texas A&M University
|b College Station
|c Sterling C. Evans Library
|d Evans: US Documents Microfiche (3rd floor)
|t 0
|e TD 2.30:99-156
|h Superintendent of Documents classification
|i microform -- microfiche
|m A14832444253
|
| 952 |
f |
f |
|a Texas A&M University
|b College Station
|c Electronic Resources
|d Available Online
|t 0
|e TD 2.30:99-156
|h Superintendent of Documents classification
|
| 998 |
f |
f |
|a TD 2.30:99-156
|t 0
|l Available Online
|
| 998 |
f |
f |
|a TD 2.30:99-156
|t 0
|l Evans: US Documents Microfiche (3rd floor)
|